[Event "44th Chess Olympiad Open 2022"]
[Site "Chennai"]
[Date "2022.07.30"]
[Round "2.27"]
[White "Bjerre, Jonas Buhl"]
[Black "Bwalya, Gillan"]
[Result "1/2-1/2"]
[WhiteElo "2608"]
[BlackElo "2396"]
[Annotator "TA"]
[PlyCount "76"]
[EventDate "2022.07.29"]
[EventType "team-tourn"]
[EventCountry "IND"]
[SourceTitle "playchess.com"]
[Source "ChessBase"]
[SourceQuality "1"]
[WhiteTeam "Denmark"]
[BlackTeam "Zambia"]
[WhiteTeamCountry "DEN"]
[BlackTeamCountry "ZAM"]

1. e4 e5 2. Nf3 Nc6 3. Bb5 Nf6 4. d3 d6 5. O-O Be7 6. c3 O-O 7. Re1 Bd7 8. Nbd2
Re8 9. Nf1 h6 10. Ng3 Bf8 11. d4 Na5 12. Bd3 c5 13. b4 cxb4 14. cxb4 Nc6 15. b5
Nxd4 16. Nxd4 exd4 17. Bb2 Ng4 18. Bxd4 Qh4 19. h3 Ne5 20. Bf1 g6 21. Rc1 Be6
22. Rc7 Re7 23. Rc3 Bg7 24. Ra3 Rd7 25. Qd2 g5 26. Ba1 d5 27. Nf5 Bxf5 28. exf5
d4 29. g3 Qh5 30. g4 Qh4 31. Re4 Rad8 32. Qd1 b6 33. Ra4 h5 34. Qe2 hxg4 35.
Rxe5 Bxe5 36. Qxe5 gxh3 37. Ra3 Rd5 38. Qg3 d3 1/2-1/2

[Event "44th Chess Olympiad Open 2022"]
[Site "Chennai"]
[Date "2022.07.30"]
[Round "2.27"]
[White "Rasmussen, Allan Stig"]
[Black "Phiri, Richmond"]
[Result "1/2-1/2"]
[WhiteElo "2550"]
[BlackElo "2293"]
[Annotator "TA"]
[PlyCount "80"]
[EventDate "2022.07.29"]
[EventType "team-tourn"]
[EventCountry "IND"]
[SourceTitle "playchess.com"]
[Source "ChessBase"]
[SourceQuality "1"]
[WhiteTeam "Denmark"]
[BlackTeam "Zambia"]
[WhiteTeamCountry "DEN"]
[BlackTeamCountry "ZAM"]

1. e4 c5 2. Nf3 e6 3. d4 cxd4 4. Nxd4 a6 5. Bd3 Nf6 6. O-O d6 7. c4 Be7 8. Nc3
O-O 9. Be3 b6 10. f4 Qc7 11. Rc1 Nbd7 12. b4 Re8 13. g4 g6 14. g5 Nh5 15. Be2
Bb7 16. f5 Bf8 17. Bxh5 gxh5 18. Qxh5 Ne5 19. Rf4 Rac8 20. Rc2 Ng6 21. fxg6
hxg6 22. Qh3 Bg7 23. Rh4 Qxc4 24. Nd5 Qxd4 25. Bxd4 Bxd4+ 26. Kf1 exd5 27. Rxc8
Bxc8 28. Qd3 Be5 29. exd5 b5 30. Qd2 Bf5 31. Rf4 Bxf4 32. Qxf4 Re5 33. h4 Rxd5
34. Qe3 Bd3+ 35. Kg1 Bc4 36. a3 Rd3 37. Qe8+ Kg7 38. Qe7 Rxa3 39. Qxd6 Ra2 40.
Qf6+ Kg8 1/2-1/2

[Event "44th Chess Olympiad Open 2022"]
[Site "Chennai"]
[Date "2022.07.30"]
[Round "2.27"]
[White "Mwali, Chitumbo"]
[Black "Thybo, Jesper Sondergaard"]
[Result "1/2-1/2"]
[WhiteElo "2320"]
[BlackElo "2520"]
[Annotator "TA"]
[PlyCount "109"]
[EventDate "2022.07.29"]
[EventType "team-tourn"]
[EventCountry "IND"]
[SourceTitle "playchess.com"]
[Source "ChessBase"]
[SourceQuality "1"]
[WhiteTeam "Zambia"]
[BlackTeam "Denmark"]
[WhiteTeamCountry "ZAM"]
[BlackTeamCountry "DEN"]

1. Nf3 c5 2. c4 Nc6 3. g3 g6 4. Bg2 Bg7 5. Nc3 e5 6. O-O Nge7 7. a3 O-O 8. b4
d5 9. cxd5 Nxd5 10. Nxd5 Qxd5 11. Bb2 e4 12. Bxg7 Kxg7 13. Ne1 Bf5 14. d3 Rad8
15. Qb1 Rfe8 16. bxc5 Nd4 17. e3 Nb3 18. dxe4 Bxe4 19. Bxe4 Rxe4 20. Ra2 Re6
21. Nf3 Rf6 22. Rb2 Qxf3 23. Rxb3 Rd2 24. e4 Qe2 25. Re3 Qc4 26. e5 Re6 27.
Qxb7 Qxc5 28. Qb4 Qd5 29. Rfe1 Rd4 30. Qb8 Qa5 31. Rc1 Rd8 32. Qc7 Qd2 33. Qc3
Qxc3 34. Rcxc3 Rd5 35. Rc7 Rdxe5 36. Rxe5 Rxe5 37. Rxa7 Re1+ 38. Kg2 h5 39. h4
Ra1 40. Kf3 Ra2 41. Ke3 Kf6 42. f3 Kg7 43. Ra4 Kg8 44. Kf4 Kg7 45. Ra7 Kf6 46.
Ra6+ Kg7 47. a4 Ra3 48. Ra8 Ra1 49. a5 Ra4+ 50. Ke5 Ra3 51. Ke4 Ra4+ 52. Kd5
Ra3 53. Ke4 Ra4+ 54. Kd5 Ra3 55. Ke4 1/2-1/2

[Event "44th Chess Olympiad Open 2022"]
[Site "Chennai"]
[Date "2022.07.30"]
[Round "2.27"]
[White "Lungu, Nase"]
[Black "Haubro, Martin"]
[Result "1-0"]
[WhiteElo "2216"]
[BlackElo "2411"]
[Annotator "TA"]
[PlyCount "77"]
[EventDate "2022.07.29"]
[EventType "team-tourn"]
[EventCountry "IND"]
[SourceTitle "playchess.com"]
[Source "ChessBase"]
[SourceQuality "1"]
[WhiteTeam "Zambia"]
[BlackTeam "Denmark"]
[WhiteTeamCountry "ZAM"]
[BlackTeamCountry "DEN"]

1. c4 e6 2. Nf3 d5 3. g3 dxc4 4. Qa4+ Nd7 5. Bg2 a6 6. Nc3 Ngf6 7. O-O Be7 8.
Ne5 O-O 9. Nxc4 c5 10. Qb3 Rb8 11. a4 b6 12. d3 Bb7 13. Bxb7 Rxb7 14. Bf4 Qc8
15. Bd6 Qe8 16. Rfd1 Nd5 17. d4 cxd4 18. Rxd4 Nc5 19. Qa3 Qc6 20. Nxd5 exd5 21.
Bxe7 Rxe7 22. Ne3 Re4 23. Rad1 Rfe8 24. a5 Rxd4 25. Rxd4 bxa5 26. Rxd5 Nb7 27.
Qd3 g6 28. Qd4 h5 29. h3 Re6 30. g4 hxg4 31. hxg4 Rd6 32. g5 Rxd5 33. Nxd5 Qc1+
34. Kh2 Qc5 35. Nf6+ Kg7 36. Qh4 Qd6+ 37. f4 Kf8 38. Qh8+ Ke7 39. Qe8# 1-0

[Event "44th Chess Olympiad Open 2022"]
[Site "Chennai"]
[Date "2022.07.30"]
[Round "2.28"]
[White "Fier, Alexandr"]
[Black "Guzman, Christopher"]
[Result "1-0"]
[WhiteElo "2567"]
[BlackElo "2243"]
[Annotator "TA"]
[PlyCount "99"]
[EventDate "2022.07.29"]
[EventType "team-tourn"]
[EventCountry "IND"]
[SourceTitle "playchess.com"]
[Source "ChessBase"]
[SourceQuality "1"]
[WhiteTeam "Brazil"]
[BlackTeam "Dominican Republic"]
[WhiteTeamCountry "BRA"]
[BlackTeamCountry "DOM"]

1. e4 c6 2. d4 d5 3. e5 Bf5 4. Nf3 e6 5. Be2 h6 6. O-O Ne7 7. Nbd2 Nd7 8. c3 c5
9. dxc5 Nxc5 10. Nb3 Nc6 11. Nfd4 Bh7 12. f4 Nxb3 13. Nxb3 Be7 14. Be3 O-O 15.
a4 Na5 16. Nd4 Nc4 17. Bc1 Rc8 18. Kh1 Qb6 19. b3 Na5 20. b4 Nc4 21. a5 Qc7 22.
Qe1 Kh8 23. Qg3 Qd7 24. Qh3 Rce8 25. Bd1 Qc8 26. Ba4 Rd8 27. Ra2 Be4 28. f5
Nxe5 29. Bxh6 Kg8 30. Qg3 Bf6 31. fxe6 Ng6 32. Rxf6 fxe6 33. Rxf8+ Rxf8 34. h4
Rf1+ 35. Kh2 e5 36. Bc2 exd4 37. Bxe4 dxe4 38. Qxg6 Qc7+ 39. g3 dxc3 40. Bf4
Qc4 41. Qe8+ Kh7 42. Qh5+ Kg8 43. Rc2 Rb1 44. Qe5 Rb3 45. h5 Rxb4 46. Qe8+ Kh7
47. Be5 Qc6 48. Qf8 Qh6 49. Qf5+ Kg8 50. Rxc3 1-0

[Event "44th Chess Olympiad Open 2022"]
[Site "Chennai"]
[Date "2022.07.30"]
[Round "2.28"]
[White "Munoz Santana, Jose Lisandro"]
[Black "Supi, Luis Paulo"]
[Result "0-1"]
[WhiteElo "2423"]
[BlackElo "2603"]
[Annotator "TA"]
[PlyCount "46"]
[EventDate "2022.07.29"]
[EventType "team-tourn"]
[EventCountry "IND"]
[SourceTitle "playchess.com"]
[Source "ChessBase"]
[SourceQuality "1"]
[WhiteTeam "Dominican Republic"]
[BlackTeam "Brazil"]
[WhiteTeamCountry "DOM"]
[BlackTeamCountry "BRA"]

1. Nf3 d5 2. e3 Nf6 3. c4 e6 4. b3 Bd6 5. Bb2 O-O 6. Nc3 c6 7. d4 Nbd7 8. Be2
b6 9. O-O Bb7 10. Bd3 Re8 11. e4 dxc4 12. Bxc4 e5 13. Ng5 Rf8 14. f4 exd4 15.
Ne2 c5 16. e5 Bxe5 17. fxe5 Nxe5 18. h3 h6 19. Nf3 Bxf3 20. gxf3 Qd7 21. Nf4
Rfe8 22. Kh2 Nxc4 23. bxc4 Qd6 0-1

[Event "44th Chess Olympiad Open 2022"]
[Site "Chennai"]
[Date "2022.07.30"]
[Round "2.28"]
[White "Arvelo Leo, Gian Carlo"]
[Black "Mekhitarian, Krikor Sevag"]
[Result "0-1"]
[WhiteElo "2176"]
[BlackElo "2542"]
[Annotator "TA"]
[PlyCount "100"]
[EventDate "2022.07.29"]
[EventType "team-tourn"]
[EventCountry "IND"]
[SourceTitle "playchess.com"]
[Source "ChessBase"]
[SourceQuality "1"]
[WhiteTeam "Dominican Republic"]
[BlackTeam "Brazil"]
[WhiteTeamCountry "DOM"]
[BlackTeamCountry "BRA"]

1. d4 Nf6 2. Bg5 d5 3. Bxf6 gxf6 4. c4 dxc4 5. e3 c5 6. Bxc4 cxd4 7. exd4 Bg7
8. Ne2 O-O 9. Nbc3 Nc6 10. O-O f5 11. d5 Ne5 12. Bb3 a6 13. Re1 Qd6 14. Nd4 Bd7
15. Nf3 Ng6 16. h4 Rac8 17. Qd2 Rfe8 18. Rad1 Bf6 19. Qh6 Bg7 20. Qg5 Qf6 21.
Qd2 Nxh4 22. Ne5 Rcd8 23. d6 e6 24. Nxd7 Qg6 25. Bd5 Rxd7 26. Qf4 Qg4 27. Qxg4
fxg4 28. Ne4 Red8 29. Bb3 Nf5 30. Nc5 Rxd6 31. Nxb7 Rxd1 32. Bxd1 Rb8 33. Nc5
g3 34. Nb3 gxf2+ 35. Kxf2 Bxb2 36. g4 Ne7 37. Kf3 Nd5 38. Nc5 a5 39. Bb3 Nb6
40. Re2 Bd4 41. Na4 Nd7 42. Rc2 Rb4 43. Rc8+ Kg7 44. Ra8 Ne5+ 45. Kg3 Be3 46.
Rxa5 Rxg4+ 47. Kh3 Bf4 48. Nb6 Rg3+ 49. Kh4 Ng6+ 50. Kh5 e5 0-1

[Event "44th Chess Olympiad Open 2022"]
[Site "Chennai"]
[Date "2022.07.30"]
[Round "2.29"]
[White "Smirnov, Anton"]
[Black "Msellek, Ilyass"]
[Result "1/2-1/2"]
[WhiteElo "2600"]
[BlackElo "2398"]
[Annotator "TA"]
[PlyCount "63"]
[EventDate "2022.07.29"]
[EventType "team-tourn"]
[EventCountry "IND"]
[SourceTitle "playchess.com"]
[Source "ChessBase"]
[SourceQuality "1"]
[WhiteTeam "Australia"]
[BlackTeam "Morocco"]
[WhiteTeamCountry "AUS"]
[BlackTeamCountry "MAR"]

1. e4 d6 2. d4 Nf6 3. Nc3 e5 4. Nf3 Nbd7 5. Bc4 Be7 6. O-O O-O 7. Re1 c6 8. a4
b6 9. Ba2 a6 10. h3 Bb7 11. Nh4 b5 12. Nf5 b4 13. Nb1 c5 14. dxe5 Nxe5 15. f4
Ng6 16. Nxe7+ Qxe7 17. f5 Ne5 18. Bg5 Rac8 19. Nd2 c4 20. Qe2 a5 21. Bxc4 Nxc4
22. Nxc4 Ba6 23. b3 Bxc4 24. bxc4 Rfe8 25. Qd3 h6 26. Bxf6 Qxf6 27. Rad1 Qh4
28. Qe2 Qf6 29. Qd3 Qh4 30. Re3 Qf4 31. Qe2 Rc5 32. Qf3 1/2-1/2

[Event "44th Chess Olympiad Open 2022"]
[Site "Chennai"]
[Date "2022.07.30"]
[Round "2.29"]
[White "Tan, Justin"]
[Black "Choukri, Adel"]
[Result "1-0"]
[WhiteElo "2508"]
[BlackElo "2306"]
[Annotator "TA"]
[PlyCount "57"]
[EventDate "2022.07.29"]
[EventType "team-tourn"]
[EventCountry "IND"]
[SourceTitle "playchess.com"]
[Source "ChessBase"]
[SourceQuality "1"]
[WhiteTeam "Australia"]
[BlackTeam "Morocco"]
[WhiteTeamCountry "AUS"]
[BlackTeamCountry "MAR"]

1. e4 c5 2. Nf3 Nc6 3. Bb5 g6 4. O-O Bg7 5. Bxc6 bxc6 6. Re1 Nf6 7. e5 Nd5 8.
c4 Nb6 9. d3 O-O 10. Nc3 d6 11. h3 dxe5 12. Nxe5 Bf5 13. Qe2 Qd6 14. g4 Bxe5
15. Qxe5 Qxe5 16. Rxe5 Bxd3 17. b3 a5 18. Bh6 Rfd8 19. Rxe7 a4 20. Rae1 axb3
21. axb3 Bc2 22. Ne4 Bxe4 23. R1xe4 Nd7 24. g5 Nf8 25. Rf4 Rd3 26. Rfxf7 Rxh3
27. Rf6 Rxb3 28. Rg7+ Kh8 29. Rgf7 1-0

[Event "44th Chess Olympiad Open 2022"]
[Site "Chennai"]
[Date "2022.07.30"]
[Round "2.30"]
[White "Perez Ponsa, Federico"]
[Black "Cabezas Solano, David Alejandro"]
[Result "1-0"]
[WhiteElo "2554"]
[BlackElo "2196"]
[Annotator "TA"]
[PlyCount "71"]
[EventDate "2022.07.29"]
[EventType "team-tourn"]
[EventCountry "IND"]
[SourceTitle "playchess.com"]
[Source "ChessBase"]
[SourceQuality "1"]
[WhiteTeam "Argentina"]
[BlackTeam "Costa Rica"]
[WhiteTeamCountry "ARG"]
[BlackTeamCountry "CRI"]

1. e4 c5 2. Nf3 Nc6 3. Bb5 g6 4. O-O Bg7 5. c3 Nf6 6. Re1 O-O 7. d4 Qb6 8. Bxc6
dxc6 9. h3 Rd8 10. Qc2 h6 11. Be3 cxd4 12. cxd4 Qa6 13. Nbd2 Be6 14. a4 Rac8
15. b4 b6 16. Ne5 c5 17. dxc5 bxc5 18. b5 Qb7 19. Nc6 Rxc6 20. bxc6 Qxc6 21.
Rac1 Nd7 22. Nb3 c4 23. Nd4 Bxd4 24. Bxd4 Nc5 25. Bxc5 Qxc5 26. Qc3 Kh7 27.
Red1 Rc8 28. a5 Qg5 29. Rb1 Qf4 30. Rb7 Qxe4 31. Rxe7 a6 32. Re1 Qd3 33. Qxd3
cxd3 34. R1xe6 d2 35. Rxf7+ Kg8 36. Rd7 1-0

[Event "44th Chess Olympiad Open 2022"]
[Site "Chennai"]
[Date "2022.07.30"]
[Round "2.30"]
[White "Flores, Diego"]
[Black "Chinchilla Miranda, Eugenio"]
[Result "1-0"]
[WhiteElo "2528"]
[BlackElo "2206"]
[Annotator "TA"]
[PlyCount "75"]
[EventDate "2022.07.29"]
[EventType "team-tourn"]
[EventCountry "IND"]
[SourceTitle "playchess.com"]
[Source "ChessBase"]
[SourceQuality "1"]
[WhiteTeam "Argentina"]
[BlackTeam "Costa Rica"]
[WhiteTeamCountry "ARG"]
[BlackTeamCountry "CRI"]

1. Nf3 d5 2. e3 Nf6 3. c4 e6 4. Nc3 c5 5. cxd5 exd5 6. Bb5+ Nc6 7. d4 cxd4 8.
Nxd4 Bd7 9. O-O Bd6 10. b3 O-O 11. Bb2 Rc8 12. Rc1 Re8 13. Nce2 a6 14. Bd3 Ne4
15. Ng3 Bxg3 16. hxg3 Ne5 17. Rxc8 Bxc8 18. Be2 Qd6 19. g4 Bd7 20. Nf5 Bxf5 21.
gxf5 f6 22. Qd4 Nc6 23. Qb6 Qd7 24. Bd3 Ne5 25. Bxe5 Rxe5 26. Rc1 Re7 27. Qd4
h6 28. f3 Ng5 29. Rc5 Qd6 30. f4 Nf7 31. Rxd5 Qa3 32. Bc4 Qc1+ 33. Kh2 b5 34.
Rd8+ Kh7 35. Bxf7 Rxf7 36. Qe4 Qe1 37. Qf3 Re7 38. Qh5 1-0

[Event "44th Chess Olympiad Open 2022"]
[Site "Chennai"]
[Date "2022.07.30"]
[Round "2.30"]
[White "Arias Santana, Mauricio"]
[Black "Peralta, Fernando"]
[Result "0-1"]
[WhiteElo "2318"]
[BlackElo "2591"]
[Annotator "TA"]
[PlyCount "102"]
[EventDate "2022.07.29"]
[EventType "team-tourn"]
[EventCountry "IND"]
[SourceTitle "playchess.com"]
[Source "ChessBase"]
[SourceQuality "1"]
[WhiteTeam "Costa Rica"]
[BlackTeam "Argentina"]
[WhiteTeamCountry "CRI"]
[BlackTeamCountry "ARG"]

1. Nf3 Nf6 2. c4 e6 3. g3 b6 4. Bg2 Bb7 5. O-O Be7 6. d4 O-O 7. Nc3 Ne4 8. Bd2
Bf6 9. Rc1 Nxd2 10. Qxd2 d6 11. d5 e5 12. e4 a5 13. h4 Bc8 14. Kh2 Be7 15. Bh3
Bxh3 16. Kxh3 Qd7+ 17. Kg2 f5 18. exf5 Qxf5 19. Qe2 Na6 20. Ne4 Qg6 21. Rce1
Rf5 22. Kh2 Raf8 23. Ng1 Nc5 24. Nxc5 bxc5 25. f3 Qh6 26. Nh3 Rh5 27. f4 Bxh4
28. gxh4 Rxh4 29. Qg2 Rfxf4 30. Rxf4 Qxf4+ 31. Kg1 Qxc4 32. Nf2 Rh6 33. Qe4
Rg6+ 34. Kh2 Qxa2 35. Qf5 Rf6 36. Qc8+ Rf8 37. Qe6+ Kh8 38. Qe7 Rg8 39. Qf7 c6
40. Rd1 h6 41. Qf3 cxd5 42. Rxd5 e4 43. Qxe4 Qxb2 44. Rf5 Qb8 45. Kg1 Re8 46.
Qd5 a4 47. Ne4 Re5 48. Rxe5 dxe5 49. Nd6 Qb1+ 50. Kh2 a3 51. Qxe5 Qb2+ 0-1

[Event "44th Chess Olympiad Open 2022"]
[Site "Chennai"]
[Date "2022.07.30"]
[Round "2.31"]
[White "Grandelius, Nils"]
[Black "Zaibi, Amir"]
[Result "1-0"]
[WhiteElo "2655"]
[BlackElo "2398"]
[Annotator "TA"]
[PlyCount "103"]
[EventDate "2022.07.29"]
[EventType "team-tourn"]
[EventCountry "IND"]
[SourceTitle "playchess.com"]
[Source "ChessBase"]
[SourceQuality "1"]
[WhiteTeam "Sweden"]
[BlackTeam "Tunisia"]
[WhiteTeamCountry "SWE"]
[BlackTeamCountry "TUN"]

1. d4 Nf6 2. c4 g6 3. Nc3 Bg7 4. e4 d6 5. Be2 O-O 6. Be3 c5 7. d5 e6 8. Nf3
exd5 9. cxd5 b5 10. e5 Ng4 11. Bg5 f6 12. exf6 Bxf6 13. Bxf6 Qxf6 14. Nxb5 Ba6
15. O-O Bxb5 16. Bxb5 a6 17. Ba4 Ra7 18. h3 Ne5 19. Nxe5 Qxe5 20. Qc2 Rb7 21.
b3 Rb4 22. Rfe1 Qxd5 23. Rad1 Rd4 24. b4 Rc8 25. Bb3 c4 26. Rxd4 Qxd4 27. Rd1
Qf4 28. g3 Qe5 29. Bxc4+ Kg7 30. Qd3 Nc6 31. a3 a5 32. Ba6 Rd8 33. Bb7 Ne7 34.
bxa5 Qxa5 35. Qd4+ Kf7 36. Rd3 Qe1+ 37. Kg2 Qe6 38. Rf3+ Kg8 39. a4 Rb8 40. Re3
Nf5 41. Rxe6 Nxd4 42. Rxd6 Rxb7 43. Rxd4 Rb3 44. Rd7 Kh8 45. a5 Ra3 46. Ra7 Kg8
47. a6 Kh8 48. f4 Kg8 49. g4 Ra5 50. Kf3 Ra3+ 51. Ke4 Rxh3 52. Rb7 1-0

[Event "44th Chess Olympiad Open 2022"]
[Site "Chennai"]
[Date "2022.07.30"]
[Round "2.31"]
[White "Westerberg, Jonathan"]
[Black "Amdouni, Zoubaier"]
[Result "1/2-1/2"]
[WhiteElo "2476"]
[BlackElo "2224"]
[Annotator "TA"]
[PlyCount "60"]
[EventDate "2022.07.29"]
[EventType "team-tourn"]
[EventCountry "IND"]
[SourceTitle "playchess.com"]
[Source "ChessBase"]
[SourceQuality "1"]
[WhiteTeam "Sweden"]
[BlackTeam "Tunisia"]
[WhiteTeamCountry "SWE"]
[BlackTeamCountry "TUN"]

1. e4 c5 2. Nc3 Nc6 3. Bb5 g6 4. Bxc6 dxc6 5. d3 Nf6 6. f4 Bg7 7. Nf3 c4 8.
dxc4 Qxd1+ 9. Kxd1 Ng4 10. Ke2 Bxc3 11. bxc3 c5 12. a4 b6 13. a5 Ba6 14. axb6
axb6 15. Ra4 Nf6 16. e5 Ne4 17. Ke3 Bb7 18. Rxa8+ Bxa8 19. Bb2 f5 20. Ra1 Kf7
21. Ne1 Bc6 22. Ra6 Rb8 23. Nd3 Bd7 24. g4 Be6 25. Ra4 Rd8 26. Ra6 Rb8 27. Ra4
Rd8 28. Ra6 Rb8 29. Ra4 Rd8 30. Ra6 Rb8 1/2-1/2

[Event "44th Chess Olympiad Open 2022"]
[Site "Chennai"]
[Date "2022.07.30"]
[Round "2.31"]
[White "Boudriga, Mohamed Ali"]
[Black "Blomqvist, Erik"]
[Result "0-1"]
[WhiteElo "2308"]
[BlackElo "2521"]
[Annotator "TA"]
[PlyCount "40"]
[EventDate "2022.07.29"]
[EventType "team-tourn"]
[EventCountry "IND"]
[SourceTitle "playchess.com"]
[Source "ChessBase"]
[SourceQuality "1"]
[WhiteTeam "Tunisia"]
[BlackTeam "Sweden"]
[WhiteTeamCountry "TUN"]
[BlackTeamCountry "SWE"]

1. d4 Nf6 2. Nf3 d5 3. g3 c5 4. Bg2 cxd4 5. O-O h6 6. b3 h5 7. Bf4 h4 8. Nxh4
Nc6 9. Nf3 Ng4 10. Nxd4 e5 11. Nxc6 bxc6 12. Bc1 Nxh2 13. Re1 Bc5 14. b4 Bb6
15. Qd3 Ng4 16. e3 Qf6 17. Re2 Bf5 18. Qc3 Be4 19. f3 Bxf3 20. Bxf3 Qxf3 0-1

[Event "44th Chess Olympiad Open 2022"]
[Site "Chennai"]
[Date "2022.07.30"]
[Round "2.31"]
[White "Meddeb, Anis"]
[Black "Berg, Emanuel"]
[Result "1-0"]
[WhiteElo "2121"]
[BlackElo "2533"]
[Annotator "TA"]
[PlyCount "74"]
[EventDate "2022.07.29"]
[EventType "team-tourn"]
[EventCountry "IND"]
[SourceTitle "playchess.com"]
[Source "ChessBase"]
[SourceQuality "1"]
[WhiteTeam "Tunisia"]
[BlackTeam "Sweden"]
[WhiteTeamCountry "TUN"]
[BlackTeamCountry "SWE"]

1. e4 c5 2. Nf3 e6 3. d4 cxd4 4. Nxd4 a6 5. Nc3 Qc7 6. Be2 b5 7. O-O Bb7 8. Bf3
d6 9. Re1 Nd7 10. Bg4 b4 11. Nd5 exd5 12. exd5+ Ne7 13. Nc6 Nf6 14. Bf3 Bxc6
15. dxc6 d5 16. Bg5 O-O-O 17. a3 Nxc6 18. axb4 Bxb4 19. c3 Bc5 20. Rxa6 Rhe8
21. Rf1 Kb7 22. Qa4 Bb6 23. Ra1 Ne4 24. Be3 Bxe3 25. fxe3 Rd6 26. Qb5+ Kc8 27.
Ra8+ Kd7 28. R8a7 Rb8 29. Rxc7+ Kxc7 30. Qe2 f5 31. Bxe4 dxe4 32. b4 Rd3 33.
Qa2 g6 34. Qf7+ Rd7 35. Qc4 Kb7 36. Qb5+ Kc7 37. Qc5 Rb6 1-0

[Event "44th Chess Olympiad Open 2022"]
[Site "Chennai"]
[Date "2022.07.30"]
[Round "2.32"]
[White "Almeida Quintana, Omar"]
[Black "Adebayo, Adegboyega"]
[Result "1-0"]
[WhiteElo "2523"]
[BlackElo "2313"]
[Annotator "TA"]
[PlyCount "77"]
[EventDate "2022.07.29"]
[EventType "team-tourn"]
[EventCountry "IND"]
[SourceTitle "playchess.com"]
[Source "ChessBase"]
[SourceQuality "1"]
[WhiteTeam "Cuba"]
[BlackTeam "Nigeria"]
[WhiteTeamCountry "CUB"]
[BlackTeamCountry "NGR"]

1. d4 e6 2. c4 d5 3. Nf3 c6 4. Qc2 Nf6 5. Bg5 Nbd7 6. cxd5 exd5 7. Nc3 Be7 8.
e3 Nf8 9. h3 Ne6 10. Bh4 g6 11. Bd3 Ng7 12. g4 Be6 13. O-O-O Rc8 14. Kb1 Ne4
15. Bxe4 Bxh4 16. Bd3 Be7 17. Ne5 f6 18. Nf3 Bd6 19. e4 O-O 20. exd5 cxd5 21.
Qb3 Qa5 22. Nb5 Bf4 23. Rhe1 Rfd8 24. Qa3 Qxa3 25. Nxa3 a6 26. Nc2 Bf7 27. Ne3
Ne6 28. h4 Bc7 29. Bc2 Nf4 30. Bb3 Re8 31. g5 Ba5 32. Ng4 fxg5 33. Nf6+ Kf8 34.
Nxe8 Bxe8 35. Rg1 gxh4 36. Rg4 Nh3 37. Rxh4 Nxf2 38. Rf1 Ne4 39. Ng5+ 1-0

[Event "44th Chess Olympiad Open 2022"]
[Site "Chennai"]
[Date "2022.07.30"]
[Round "2.33"]
[White "Shengelia, David"]
[Black "Gengler, Pierre"]
[Result "1-0"]
[WhiteElo "2462"]
[BlackElo "2194"]
[Annotator "TA"]
[PlyCount "97"]
[EventDate "2022.07.29"]
[EventType "team-tourn"]
[EventCountry "IND"]
[SourceTitle "playchess.com"]
[Source "ChessBase"]
[SourceQuality "1"]
[WhiteTeam "Austria"]
[BlackTeam "Luxembourg"]
[WhiteTeamCountry "AUT"]
[BlackTeamCountry "LUX"]

1. d4 d5 2. Nf3 Nf6 3. Bf4 c6 4. e3 e6 5. Bd3 Nbd7 6. Nbd2 Be7 7. Qe2 Qb6 8.
O-O-O c5 9. c4 Nh5 10. cxd5 Nxf4 11. exf4 Nf6 12. Nc4 Qc7 13. d6 Bxd6 14. Nxd6+
Qxd6 15. Bb5+ Ke7 16. Qe5 Bd7 17. Qxd6+ Kxd6 18. dxc5+ Ke7 19. Bxd7 Nxd7 20. c6
bxc6 21. Rhe1 g6 22. Nd4 Rhc8 23. f5 c5 24. Nxe6 fxe6 25. Rxe6+ Kd8 26. fxg6
hxg6 27. Rxg6 Ke8 28. Rg7 Ne5 29. Rb7 Nc6 30. Rd6 Nd8 31. Rh7 Kf8 32. f4 Kg8
33. Rdd7 Rc6 34. f5 Rf6 35. Rdg7+ Kf8 36. g4 Rf7 37. Rxf7+ Nxf7 38. g5 Kg8 39.
g6 Ng5 40. Re7 Rf8 41. h4 Nf3 42. h5 Nh4 43. h6 Rc8 44. Rg7+ Kh8 45. Rh7+ Kg8
46. Rf7 Kh8 47. g7+ Kg8 48. h7+ Kxh7 49. Rf8 1-0

[Event "44th Chess Olympiad Open 2022"]
[Site "Chennai"]
[Date "2022.07.30"]
[Round "2.33"]
[White "Steil-Antoni, Fiona"]
[Black "Blohberger, Felix"]
[Result "1/2-1/2"]
[WhiteElo "2218"]
[BlackElo "2492"]
[Annotator "TA"]
[PlyCount "60"]
[EventDate "2022.07.29"]
[EventType "team-tourn"]
[EventCountry "IND"]
[SourceTitle "playchess.com"]
[Source "ChessBase"]
[SourceQuality "1"]
[WhiteTeam "Luxembourg"]
[BlackTeam "Austria"]
[WhiteTeamCountry "LUX"]
[BlackTeamCountry "AUT"]

1. e4 c6 2. d4 d5 3. e5 Bf5 4. g4 Bd7 5. Nc3 e6 6. Be3 b6 7. h4 c5 8. Nce2 Nc6
9. f4 h5 10. g5 Nge7 11. Bh3 cxd4 12. Nxd4 Nxd4 13. Qxd4 Rc8 14. Qd3 d4 15.
Bxd4 Bc6 16. Rh2 Nf5 17. Bxf5 exf5 18. Qxf5 Be7 19. O-O-O O-O 20. Bc3 Qe8 21.
e6 fxe6 22. Qxe6+ Qf7 23. Qxf7+ Rxf7 24. Be5 Bc5 25. Rh3 Be4 26. Rc3 Be3+ 27.
Rxe3 Bxc2 28. Kd2 Be4 29. Ke1 Bc2 30. Rd2 Be4 1/2-1/2

[Event "44th Chess Olympiad Open 2022"]
[Site "Chennai"]
[Date "2022.07.30"]
[Round "2.34"]
[White "Gazik, Viktor"]
[Black "Wong, Yinn Long"]
[Result "1/2-1/2"]
[WhiteElo "2544"]
[BlackElo "2381"]
[Annotator "TA"]
[PlyCount "99"]
[EventDate "2022.07.29"]
[EventType "team-tourn"]
[EventCountry "IND"]
[SourceTitle "playchess.com"]
[Source "ChessBase"]
[SourceQuality "1"]
[WhiteTeam "Slovakia"]
[BlackTeam "Malaysia"]
[WhiteTeamCountry "SVK"]
[BlackTeamCountry "MAS"]

1. e4 c5 2. Nf3 Nc6 3. Bb5 d6 4. O-O Bd7 5. Re1 Nf6 6. h3 e6 7. a4 Be7 8. b3 a6
9. Bf1 O-O 10. Bb2 d5 11. e5 Ne8 12. d4 g6 13. c4 dxc4 14. dxc5 Bxc5 15. Nc3
Na5 16. Ne4 Be7 17. bxc4 Bc6 18. Nfd2 b6 19. Qg4 Qc7 20. Nf6+ Nxf6 21. exf6 Bb4
22. Ne4 Bxe4 23. Rxe4 Rfd8 24. Qh4 Nb7 25. c5 Bxc5 26. Rc1 Qd6 27. Bc4 Re8 28.
Rce1 Qf8 29. Rxe6 Nd6 30. R6e2 Nxc4 31. Qxc4 a5 32. Qb5 Rxe2 33. Rxe2 Rd8 34.
g3 Qd6 35. Kh2 Qf8 36. Kg2 Qd6 37. Re8+ Rxe8 38. Qxe8+ Qf8 39. Qc6 Qd8 40. g4
h6 41. Bc3 Kh7 42. Qe4 Bb4 43. Bd4 Bc5 44. Bxc5 bxc5 45. Qe7 Qd5+ 46. Kg1 Qd1+
47. Kh2 Qd5 48. Kg1 Qd1+ 49. Kh2 Qd5 50. Kg1 1/2-1/2